Statistics for Ph Vocabulary Words

Click here to take the quiz!

General Stats

  • This quiz has been taken 79,638 times
    (67,333 since last reset)
  • The average score is 13 of 22

Answer Stats

DefinitionWord% Correct
Egyptian rulerPharaoh
95%
Mythical bird that rises from its own ashesPhoenix
92%
The first Greek letterAlpha
88%
An irrational fearPhobia
87%
3-D equivalent of a circleSphere
85%
Second year studentSophomore
83%
Type of precious gem, often blueSapphire
80%
Chemical scent to attract a matePheromone
68%
DoctorPhysician
68%
Pacific hurricaneTyphoon
68%
Single particle of lightPhoton
66%
A sudden realization or awakeningEpiphany
53%
Lie detectorPolygraph
51%
Rank just below kingdom, in taxonomyPhylum
49%
Inscription on a gravestoneEpitaph
47%
Ghost or apparitionPhantom
45%
The love of wisdomPhilosophy
44%
Formation of soldiers with joined shieldsPhalanx
40%
An angel of the highest choirSeraph
34%
Type of powerful opiateMorphine
32%
Oldest son of the French kingDauphin
30%
The west windZephyr
24%

Score Distribution

Percentile by Number Answered

Percent of People with Each Score

Your Score History

You have not taken this quiz since the last reset